|
|
|
|
| LEADER |
01500nam a22002777a 4500 |
| 001 |
43008 |
| 003 |
BD-DhAAL |
| 005 |
20240905160701.0 |
| 008 |
240905t1997 bg a|||| ||| 001 0 eng d |
| 020 |
|
|
|a 0026533480
|
| 020 |
|
|
|a 0026533499
|
| 020 |
|
|
|a 9780026533485
|
| 040 |
|
|
|a BD-DhAAL
|d BD-DhAAL
|
| 082 |
|
|
|a 629.283/2
|
| 245 |
|
|
|a Responsible driving /
|c Francis C. Kenel ; American Automobile Association.
|
| 264 |
|
|
|a New York, NY.,
|a Heathrow, Fla. :
|b American Automobile Association ;
|b Glencoe/Macmillan/McGraw-Hill,
|c ©1997.
|
| 300 |
|
|
|a xvi, 366 pages :
|b illustrations (some color) ;
|c 26 cm.
|
| 500 |
|
|
|a Previous editions published by the American Automobile Association under the title Sportsmanlike driving
For high school
Includes index
|
| 541 |
|
|
|a Donation from the Asia Foundation/ Savar Campus
|e 43008, 43009
|
| 650 |
|
|
|a Automobile driving.
|9 56744
|
| 700 |
|
|
|a Kenel, Francis C.
|9 56746
|
| 710 |
|
|
|a American Automobile Association.
|9 56745
|
| 942 |
|
|
|2 ddc
|c BK
|
| 999 |
|
|
|c 46952
|d 46952
|
| 952 |
|
|
|0 0
|1 0
|2 ddc
|4 0
|6 629_283200000000000_RES
|7 0
|9 76151
|a SCL
|b SCL
|c GEN
|d 2024-09-05
|e Donation from the Asia Foundation/ Savar Campus
|l 0
|o 629.2832 RES
|p 3020043008
|r 2024-09-05
|t 1
|w 2024-09-05
|y BK
|x Donation from the Asia Foundation/ Savar Campus
|
| 952 |
|
|
|0 0
|1 0
|2 ddc
|4 0
|6 629_283200000000000_RES
|7 0
|9 76152
|a SCL
|b SCL
|c GEN
|d 2024-09-05
|e Donation from the Asia Foundation/ Savar Campus
|l 0
|o 629.2832 RES
|p 3020043009
|r 2024-09-05
|t 2
|w 2024-09-05
|y BK
|x Donation from the Asia Foundation/ Savar Campus
|